Score 0/26 Timer 02:00
2 Plays Today
Hint Missing Word % Correct
_____, The Vampire SlayerBuffy
97.7%
_____ ImprovementHome
96%
_____ With The StarsDancing
95.9%
Everybody Loves _____Raymond
95.8%
Six Feet _____Under
95.7%
_____ Of The HillKing
95.3%
_____ Tree HillOne
94%
_____ ShoreJersey
93.5%
_____ ViceMiami
93.3%
_____ GuyFamily
92.3%
My Name is _____Earl
92%
Golden _____Girls
90.1%
The Twilight _____ Zone
89.5%
Hint Missing Word % Correct
I Love _____Lucy
89.5%
_____/TuckNip
89.1%
_____ DevelopmentArrested
88%
_____ By An AngelTouched
84.2%
_____ MindsCriminal
83.8%
_____ DiariesVampire
83.8%
Sanford and _____Son
81.9%
____: Warrior PrincessXena
80%
The West _____Wing
79.9%
_____ LeapQuantum
72.6%
_____, DearYes
72.6%
American _____Idol
69.5%
_____ BreakPrison
57.6%

Today's Daily Dose

Remove Ads.
Support Sporcle.
Get the best of Sporcle when you Go Orange. This ad-free experience offers more features, more stats, and more fun while also helping to support Sporcle. Thank you for becoming a member.

You're not logged in!

Compare scores with friends on all Sporcle quizzes.
OR
Log In

Show Comments

Extras

Top Quizzes Today


Score Distribution

Your Account Isn't Verified!

In order to create a playlist on Sporcle, you need to verify the email address you used during registration. Go to your Sporcle Settings to finish the process.

Report this User

Report this user for behavior that violates our Community Guidelines.

Details: